00732nam a2200229 i 4500003000900000005001700009007000300026008004100029020001800070040003000088082002300118100004500141245004500186264003700231300002800268336002700296337003300323338002800356500007000384650002200454650002600476DO-SdBNP20240530073928.0ta230918b2019 dr ||||| |||| 00| 0 spa d a9786070757914 aDO-SdBNPbspacBNPHUerda 4aRD863.5bP192m222 aPaniagua Pérez, Jesús,eautord1990-10aMemorias de una mula /cJesús Paniagua aSanto Domingo :bPlaneta,c2019. a222 páginas ;c23 cm. 2rdacontentatextobtxt 2rdamediaasin mediaciónbn 2rdacarrieravolumenbnc aIncluye datos biográficos del autor en la solapa de la cubierta 0aNovela dominicana 4aLiteratura dominicana